| 000 | 00745nam a22002897a 4500 | ||
|---|---|---|---|
| 001 | BR6001495 | ||
| 003 | BR-BrBNA | ||
| 005 | 20230928095524.0 | ||
| 007 | ta | ||
| 008 | 230509b bl.||||| |||| 00| 0 por d | ||
| 040 |
_aBR-BrBNA _bpor _cBiblioteca Nacional de Agricultura |
||
| 041 | _a(Por) | ||
| 072 | _aF70; F60; F50 | ||
| 090 | _ F70 BR6001495 | ||
| 100 | 1 | _aSchultz, A.R. | |
| 245 | 1 | _aEstudo pratico da botanica geral | |
| 250 | 1 | _a3. ed. | |
| 260 | 3 |
_aRio de Janeiro, GB (Brasil): _bGlobo, _c1964. |
|
| 300 | _a230 p. | ||
| 650 | _aBotanica | ||
| 650 | _aAnatomia Vegetal | ||
| 650 | _aCitologia | ||
| 650 | _aHistologia Vegetal | ||
| 650 | _aFisiologia Vegetal | ||
| 909 |
_a202309 _bLucia _c55 _dLucia Elande |
||
| 942 | _cBK | ||
| 999 |
_c57061 _d57061 |
||